000 00362nam a2200145Ia 4500
008 230917s9999||||xx |||||||||||||| ||und||
040 _e200975
_aMAIN
041 _aEnglish
082 _a200 S118R
100 _aRadhakrishnan, S
245 0 _aReligion in a changing world
260 _aLondon
_bGeorge Allen And Unwin
_c1967
300 _a186 p.
942 _cBK
999 _c167393
_d167393